LEADER 01823nam0-2200577---450 001 990010023940403321 005 20230707124030.0 010 $a978-0-8133-4910-7 035 $a001002394 100 $a20151216d2015----km-y0itay50------ba 101 0 $aeng 105 $aa-------001yy 200 1 $aNonlinear dynamics and chaos$ewith applications to physics, biology, chemistry, and engineering$fSteven H. Strogatz 205 $a2nd ed. 210 $aBoulder (US)$cWestview Press$dİ2015 215 $aXIII, 513 p.$cill.$d23 cm 610 0 $aComportamento caotico nei sistemi 610 0 $aDisordine 610 0 $aFenomeni critici nei solidi 610 0 $aFrattali fenomenologici 610 0 $aTeorie non-lineari 610 0 $aDinamica 676 $a501.185 700 1$aStrogatz,$bSteven Henry$022029 801 0$aIT$bUNINA$gRICA$2UNIMARC 901 $aBK 912 $a990010023940403321 952 $a10 B II 840$bBIBLIODIETI51/2016$fDINEL 952 $a32D-088$b25390$fFI1 952 $a32D-088.001$b25458$fFI1 952 $a04 014-77$bDIC$fDINCH 952 $a501.185-STR-2$bInt. 2016/273$fSC1 952 $a501.185-STR-2A$bInt. 2016/274$fSC1 952 $a13 30 27$b19348 / 18988$fFINBC 952 $a13 A 63 23$b19349 / 18989$fFINBC 952 $a13 A 63 24$b19350 / 18990$fFINBC 952 $a13 A 63 26$b1981 / 2018$fFINBC 952 $a23 02 A 13$b19351 / 18991$fFINAG 952 $a23 02 A 14$b19352 / 18992$fFINAG 952 $a23 02 A 15$b19353 / 18993$fFINAG 952 $a510-STR-1$b036/2023$fSC1 952 $a510-STR-1A$b040/2023$fSC1 952 $a510-STR-1B$b085/2023$fSC1 959 $aDINCH 959 $aFI1 959 $aDINEL 959 $aSC1 959 $aFINBC 959 $aFINAG 996 $aNonlinear dynamics and chaos$9103990 997 $aUNINA LEADER 02668oas 22010573a 450 001 9910134722503321 005 20260203110031.0 011 $a1532-0065 035 $a(OCoLC)45113493 035 $a(CONSER) 00213660 035 $a(CKB)110998584178032 035 $a(DE-599)2072466-4 035 $a(EXLCZ)99110998584178032 100 $a20001003b20012011 uy a 101 0 $aeng 135 $aur||||||||||| 181 $ctxt$2rdacontent 182 $cc$2rdamedia 183 $acr$2rdacarrier 200 10$aSkull base 210 $aNew York, NY ;$aStuttgart $cThieme Medical Publishers$d[2001]-2011 215 $a1 online resource 300 $aRefereed/Peer-reviewed 300 $aAn interdisciplinary approach. 311 08$a1531-5010 531 0 $aSkull base 606 $aSkull base$vPeriodicals 606 $aSkull$xSurgery$vPeriodicals 606 $aHead$xSurgery$vPeriodicals 606 $aNeurosurgical Procedures$xmethods 606 $aSkull Base$xpathology 606 $aSkull Base$xsurgery 606 $aHead$xSurgery$2fast$3(OCoLC)fst00952605 606 $aSkull base$2fast$3(OCoLC)fst01120249 606 $aSkull$xSurgery$2fast$3(OCoLC)fst01120243 608 $aPeriodical. 608 $aPeriodicals.$2fast 608 $aPeriodicals.$2lcgft 615 0$aSkull base 615 0$aSkull$xSurgery 615 0$aHead$xSurgery 615 12$aNeurosurgical Procedures$xmethods. 615 12$aSkull Base$xpathology. 615 12$aSkull Base$xsurgery. 615 7$aHead$xSurgery. 615 7$aSkull base. 615 7$aSkull$xSurgery. 676 $a616 712 02$aNorth American Skull Base Society, 712 02$aEuropean Skull Base Society, 712 02$aGerman Skull Base Society, 712 02$aJapanese Society for Skull Base Surgery, 712 02$aKorean Skull Base Society, 801 0$bNSD 801 1$bNSD 801 2$bOCLCQ 801 2$bNSD 801 2$bMYG 801 2$bOCLCQ 801 2$bMYG 801 2$bCUS 801 2$bPIT 801 2$bCUS 801 2$bKSU 801 2$bOCLCQ 801 2$bDLC 801 2$bOCLCQ 801 2$bTXA 801 2$bOCLCF 801 2$bEUW 801 2$bOCLCQ 801 2$bOCLCO 801 2$bOCLCQ 801 2$bBUF 801 2$bAU@ 801 2$bOCLCO 801 2$bWYU 801 2$bVT2 801 2$bBWN 801 2$bOCLCQ 801 2$bOCLCO 801 2$bOCLCQ 801 2$bUBY 801 2$bUAB 801 2$bIUL 801 2$bOCLCL 801 2$bOCLCQ 906 $aJOURNAL 912 $a9910134722503321 996 $aSkull base$92056017 997 $aUNINA